[Event "HUN-ch places"]
[Site "Balatonlelle"]
[Date "2002.06.??"]
[Round "2"]
[White "Sax, Gyula"]
[Black "Horvath, Jozsef"]
[Result "1/2-1/2"]
[WhiteElo "2566"]
[BlackElo "2548"]
[Annotator "Huzman,A"]
[PlyCount "116"]
[EventDate "2002.06.??"]
[EventType "match"]
[EventRounds "5"]
[EventCountry "HUN"]
[SourceTitle "CBM 090"]
[Source "ChessBase"]
[SourceDate "2002.09.20"]
[SourceVersion "1"]
[SourceVersionDate "2002.09.20"]
[SourceQuality "1"]

1. e4 e5 2. Nf3 Nf6 3. Nxe5 d6 4. Nf3 Nxe4 5. d4 d5 6. Bd3 Be7 7. O-O Nc6 8. c4
Nb4 9. Be2 O-O 10. Nc3 Bf5 11. a3 Nxc3 12. bxc3 Nc6 13. Re1 Re8 14. Bf4 dxc4
15. Bxc4 Bd6 16. Rxe8+ Qxe8 17. Bxd6 cxd6 18. Ng5 Bg6 19. h4 Qd8 (19... Qe7 20.
Qg4 h6 21. Nh3 $1 Qf6 22. Re1 Bf5 23. Qf3 Kf8 $5 24. Nf4 Bd7 25. g3 $14 {
1-0 Anand,V-Karpov,A/Prague 2002/[Stohl] (59)}) (19... h6 20. h5 Bxh5 21. Qxh5
hxg5 22. Kf1 (22. Kh2 $5 Rc8 23. Re1 (23. Rh1 Ne7 24. Bd3 Ng6 $13) 23... Qd7
24. Rh1 Ne5 25. Kg1 Ng6 26. Qxg6 Rxc4 27. Qh7+ Kf8 28. Qh8+ Ke7 29. Qxg7 Qf5
30. Rh8 $36) 22... Qd7 23. Re1 d5 24. Bd3 g6 25. Qxg5 Kg7 $11 {1/2-1/2 Nijboer,
F-Ernst,S/Leeuwarden 2002/CBM 90_01 (39)}) 20. Qg4 d5 (20... Qa5 21. Qf3 Rf8
22. Bd5 $16) 21. h5 $1 Bc2 (21... dxc4 22. hxg6 hxg6 23. Qh4 $18) 22. Rc1 dxc4
23. Rxc2 h6 24. Ne4 $36 Rc8 $2 (24... Ne7 $5 25. Qf3 Nd5 26. Re2 $36 {[%cal
Ge4g3,Gg3f5]}) (24... Qe7 25. Ng3 (25. d5 Ne5 26. Qf5 Re8 27. d6 Qd7 $11) 25...
Rd8 26. Rb2 (26. Re2 Qxa3 27. Nf5 Qc1+ 28. Kh2 Qg5 29. Qxg5 hxg5 30. Ne7+ Kf8
$15) 26... b6 27. Nf5 Qf6 28. Qe4 $16) 25. Nd6 Rc7 26. Nxc4 $16 b5 27. Ne3 Ne7
28. d5 (28. Qe4 $5 Qd6 29. c4 $16) 28... Qd6 29. Qb4 (29. a4 a6 (29... b4 30.
Qxb4 $16) 30. axb5 axb5 31. Qd4 $16) 29... Qxb4 30. axb4 Rd7 31. Rd2 Rd6 32.
Kh2 Kf8 33. Kg3 Ke8 34. Kf4 Kd7 35. Ke4 Ra6 36. c4 (36. Kd4 $5 Ra1 37. Kc5 a6 (
37... Rc1 38. Rc2 $18) 38. c4 $16) 36... bxc4 37. Nxc4 f6 38. d6 $6 (38. Kd4 $1
) 38... Nc8 39. Kf5 (39. b5 Ra1 $132) 39... Rc6 $1 40. Ne3 $1 Nxd6+ 41. Kg6 Ke6
42. Kxg7 (42. Re2 $1) 42... Rc7+ 43. Kg6 (43. Kxh6 $2 Nf7+ 44. Kg7 Ne5+ $11)
43... Rc8 44. Nd5 $2 (44. Kxh6 $16) 44... Rg8+ 45. Kh7 (45. Kxh6 $2 Kf7 $1 {
[%csl Rh6]}) 45... Kf7 46. Nxf6 $2 (46. Ne7 $1 Rxg2 (46... Rg7+ 47. Kxh6) 47.
Rxd6 Kxe7 48. Ra6 Rxf2 49. Kxh6 $16) 46... Rg7+ 47. Kh8 Nf5 48. Rd5 (48. g4
Kxf6 49. gxf5 Rb7 $132) 48... Rg5 (48... Ne7 49. Rd6 Rxg2 50. Ra6 $16) 49. g4
$1 (49. f4 Rxg2 50. Rxf5 Ke6 51. Ra5 Kxf6 52. Rxa7 $18) 49... Kxf6 50. gxf5 $4
(50. Rxf5+ Rxf5 51. gxf5 Kxf5 52. Kg7 Kg5 53. f4+ $18) 50... Rxh5 $11 51. Ra5
Rxf5 52. Ra6+ Kg5 53. Rxa7 h5 54. Rg7+ Kf4 55. Rh7 Rb5 56. Kg8 Rxb4 57. Rxh5
Kf3 58. Rf5+ Rf4 1/2-1/2

[Event "RUS-chT 09th Group2"]
[Site "Ekaterinburg"]
[Date "2002.05.20"]
[Round "4"]
[White "Jakovenko, Dmitrij"]
[Black "Diu, Viacheslav"]
[Result "1-0"]
[WhiteElo "2557"]
[BlackElo "2412"]
[Annotator "Huzman,A"]
[PlyCount "89"]
[EventDate "2002.05.17"]
[EventType "team-tourn"]
[EventRounds "7"]
[EventCountry "RUS"]
[SourceTitle "CBM 090"]
[Source "ChessBase"]
[SourceDate "2002.09.20"]
[SourceVersion "1"]
[SourceVersionDate "2002.09.20"]
[SourceQuality "1"]
[WhiteTeam "Surgut Yugra"]
[BlackTeam "Khabarovsk Lokomotiv"]
[WhiteTeamCountry "RUS"]
[BlackTeamCountry "RUS"]

1. e4 e5 2. Nf3 Nf6 3. Nxe5 d6 4. Nf3 Nxe4 5. d4 d5 6. Bd3 Bd6 7. O-O O-O 8. c4
c6 9. cxd5 cxd5 10. Nc3 Nxc3 11. bxc3 Bg4 12. Rb1 Nd7 13. h3 Bh5 14. Rb5 Nb6
15. c4 Bxf3 16. Qxf3 dxc4 17. Bc2 Qd7 18. a4 g6 19. Bh6 Rfe8 20. Rfb1 Rad8 21.
g4 $146 (21. Be3 Bc7 22. a5 Nd5 23. Rxb7 Qd6 24. g3 Qe6 25. Bg5 f6 26. Bxf6 Rf8
27. Bxd8 Rxf3 28. Bxc7 Qe2 $19 {0-1 Bierkens,P-Ippolito,D/Philadelphia USA
2001/The Week in Chess 369 (40)}) (21. Bg5 Be7 22. a5 Nd5 $2 (22... Bxg5 $1 23.
axb6 Be7 $1 24. bxa7 b6 25. Be4 $1 Qxa7 26. Bd5 $36 (26. Bd5 Rf8 27. Qc3 $14))
23. Rxb7 Qe6 24. Bd2 $14 {1-0 Svidler,P-Akopian,V/Yerevan 1996/CBM 53/[Svidler]
(44)}) 21... Bf8 (21... Qc6 $5 22. d5 (22. Qc3 Be7 (22... f6 23. a5 Nd5 24. Qf3
Re1+ 25. Rxe1 Qxb5 26. Be4 $16) 23. d5 Qf6 24. Qxf6 Bxf6 25. a5 Re2 26. axb6 a6
27. Rc5 Rxc2 28. Rc7 $132) 22... Qc7 (22... Nxd5 23. Rxd5 Bh2+ 24. Kxh2 Qxd5
25. Qxd5 Rxd5 26. Rxb7 $16 {[%csl Rg8]}) 23. a5 Nd7 $13) 22. Bg5 Qc6 (22... Be7
23. a5 Bxg5 (23... Nd5 24. Rxb7 Qe6 25. Bd2 $14) 24. axb6 Re1+ 25. Rxe1 Qxb5
26. bxa7 Qa6 $11) 23. Be4 Rxe4 (23... Qxe4 24. Qxe4 Rxe4 25. Bxd8 Rxd4 26. Bxb6
axb6 27. Rxb6 c3 28. Rc1 $16) 24. Bxd8 c3 (24... Re1+ 25. Kg2 Rxb1 26. Qxc6
bxc6 27. Rxb1 Nxa4 28. Rb8 Kg7 29. g5 $18) 25. Kg2 $6 (25. d5 Qe8 $1 26. Bxb6
c2 27. Be3 (27. Rf1 axb6 28. Qd3 Re2 29. d6 (29. Rb2 c1=N $1 $17) 29... Bxd6 $1
30. Qxd6 Re1 31. Qc7 Rxf1+ 32. Kxf1 Qc6 $19) 27... cxb1=Q+ 28. Rxb1 b6 $11)
25... c2 26. Rc1 Ba3 27. d5 $2 (27. Bxb6 Bxc1 (27... axb6 28. d5 $18) 28. Rc5
Qe8 29. Rxc2 axb6 30. Rxc1 Rxd4 31. Qxb7 $11) 27... Nxd5 28. Rxd5 Qxd5 (28...
Bxc1 $1 29. Qxe4 f5 $1 (29... Bh6 30. Be7 c1=Q 31. Rd8+ Bf8 32. Qxc6 Qxc6+ 33.
Kg1 Qc7 $19) 30. Qf3 Bh6 $19) 29. Rxc2 $44 Re5 30. Bf6 Qxf3+ 31. Kxf3 Re8 (
31... Rc5 32. Rd2 Rc7 33. Rd8+ Bf8 34. g5 $44) 32. Rc7 Rb8 33. Bd4 a6 34. Ba7
Rd8 35. Rxb7 $14 Rd6 36. Rb3 $1 Bc1 37. Ke4 $16 g5 38. Rb6 $1 Rxb6 39. Bxb6 Kg7
40. Be3 $1 $18 Bxe3 41. fxe3 Kg6 $2 (41... Kf6 42. Kd5 Ke7 43. e4 Kd7 (43... f6
44. e5 fxe5 45. Kxe5 h6 (45... a5 46. Kf5 h6 47. Kg6 $18) 46. a5 $18) 44. Ke5
Ke7 45. Kf5 h6 46. a5 f6 47. e5 fxe5 48. Kxe5 Kd7 (48... Kf7 49. Kd6 $18) 49.
Kf6 Kc6 50. Kg6 Kb5 51. Kxh6 Kxa5 52. Kxg5 Kb5 53. h4 $18) 42. Ke5 a5 43. e4 h6
44. Kd5 Kf6 45. Kd6 (45. Kd6 Kg6 46. Kc5 Kf6 47. Kb5 Ke5 48. Kxa5 Kxe4 49. Kb5
f5 50. a5 f4 51. a6 f3 52. a7 f2 53. a8=Q+ $18) 1-0

[Event "RUS-chT 09th Group1"]
[Site "Ekaterinburg"]
[Date "2002.05.20"]
[Round "4"]
[White "Smikovski, Ivan"]
[Black "Motylev, Alexander"]
[Result "0-1"]
[WhiteElo "2497"]
[BlackElo "2622"]
[Annotator "Huzman,A"]
[PlyCount "62"]
[EventDate "2002.05.17"]
[EventType "team-tourn"]
[EventRounds "7"]
[EventCountry "RUS"]
[SourceTitle "CBM 090"]
[Source "ChessBase"]
[SourceDate "2002.09.20"]
[SourceVersion "1"]
[SourceVersionDate "2002.09.20"]
[SourceQuality "1"]
[WhiteTeam "Omsk Lidrikh"]
[BlackTeam "Tyumen Gazovik"]
[WhiteTeamCountry "RUS"]
[BlackTeamCountry "RUS"]

1. e4 e5 2. Nf3 Nf6 3. Nxe5 d6 4. Nf3 Nxe4 5. d4 d5 6. Bd3 Nc6 7. O-O Be7 8. c4
Nb4 9. Be2 O-O 10. Nc3 Be6 11. Ne5 c5 12. Nxe4 dxe4 13. d5 Bc8 14. a3 Na6 15.
f3 Qc7 (15... Bd6 16. f4 f6 17. Ng4 f5 18. Ne5 Nb8 19. b4 Nd7 20. bxc5 Bxc5+
21. Kh1 Bd6 22. Bb2 Re8 23. Rb1 Qe7 24. Qb3 b6 25. Bh5 Rf8 26. Qg3 Bb7 27. a4
$36 {1-0 Leko,P-Topalov,V/Dubai UAE 2002/ (48)}) 16. Ng4 (16. f4 f6 17. Ng4
Bxg4 18. Bxg4 f5 19. Bh3 Bf6 $11) 16... f5 17. Nf2 Bd6 18. h3 (18. fxe4 Bxh2+
19. Kh1 Bg3 $36 {[%cal Yc7e7,Ye7h4]}) 18... Qe7 19. Qb3 $2 (19. f4 g5 20. Nh1
e3 21. fxg5 Qe5 22. g3 f4 $40) 19... Qh4 (19... e3 $1 20. Nd1 f4 $17) 20. Qe3
$2 (20. fxe4 fxe4 21. Bd2 Be5 22. Ng4 Bd4+ 23. Kh1 $13) 20... f4 21. Qc3 e3 22.
Ne4 Bxh3 23. gxh3 $2 ({The last chance for defence was} 23. Qe1 $1 Qh5 24. gxh3
Qxh3 25. Bd3 Rae8 $5 (25... Rf5 26. Qe2 {[%cal Ge2g2]}) 26. Ng5 (26. Nxd6 Re5
$19) 26... Qh5 27. Nxh7 Re5 28. b3 g6 29. Bb2 Rg5+ 30. Nxg5 Qxg5+ 31. Kh1 Rf7
32. Rf2 exf2 33. Qe6) 23... Rae8 24. Nxd6 (24. Qe1 Qxh3 25. Ng5 Qh6 $19) 24...
Qg3+ 25. Kh1 Qxh3+ 26. Kg1 Qg3+ 27. Kh1 Qh4+ 28. Kg2 Qg5+ 29. Kh2 Re5 $1 $19
30. Qxe5 Qxe5 31. Ne4 Qh5+ (31... Qh5+ 32. Kg1 Qg6+ 33. Kh1 Rf5 $19) 0-1

[Event "FIDE-Wch"]
[Site "San Luis"]
[Date "2005.10.11"]
[Round "12"]
[White "Leko, Peter"]
[Black "Anand, Viswanathan"]
[Result "0-1"]
[WhiteElo "2763"]
[BlackElo "2788"]
[Annotator "Huzman,A"]
[PlyCount "106"]
[EventDate "2005.09.28"]
[EventType "tourn"]
[EventRounds "14"]
[EventCountry "ARG"]
[EventCategory "20"]
[SourceTitle "CBM 110"]
[Source "ChessBase"]
[SourceDate "2006.01.31"]
[SourceVersion "1"]
[SourceVersionDate "2006.01.31"]
[SourceQuality "1"]

1. e4 e5 2. Nf3 Nf6 3. Nxe5 d6 4. Nf3 Nxe4 5. d4 d5 6. Bd3 Nc6 7. O-O Be7 8. c4
Nb4 9. Be2 O-O 10. a3 Nc6 11. cxd5 Qxd5 12. Nc3 Nxc3 13. bxc3 Bf5 14. Re1 Rfe8
15. Bf4 Rac8 16. h3 Be4 17. Nd2 {White tries to fight for an opening advantage
by a pawn sacrifice.} (17. Be3 Na5 $1 (17... Rcd8 18. Nd2 Bg6 19. Bf3 Qd7 20.
Qa4 Ne5 21. Qxd7 Nxf3+ 22. Nxf3 Rxd7 23. Ne5 Rd5 $11 {1/2-1/2 Leko,P-Bologan,V/
Dortmund Stechen 2004 (26)}) 18. c4 (18. Nd2 $5 Bf5 19. Bf3 Qd7 20. Ne4 Bd6 21.
Nc5 Bxc5 22. dxc5 Qxd1 23. Raxd1 c6 24. Rd4 Nb3 25. Rf4 g6 26. Rd1 Rc7 27. Rb4
Bc2 28. Rd6 a5 29. Rb6 $14 {1/2-1/2 Laznicka,V-Stopa,J/Legnica 2004/CBM 103
ext (64)}) (18. Ne5 Bf6 19. Ng4 Be7 $11 {1/2-1/2 Timman,J-Erenburg,S/
Gothenburg SWE 2005/(21)}) 18... Nxc4 $1 19. Bxc4 Qxc4 20. Nd2 Qd5 21. Nxe4
Qxe4 22. Bg5 Qxe1+ 23. Qxe1 Bxg5 $11 {0-1 Leko,P-Kramnik,V/Brissago 2004/CBM
103/[Lukacs] (65)}) (17. Bd3 Bxf3 18. Qxf3 Qxf3 19. gxf3 Bd6 20. Rxe8+ Rxe8 21.
Be3 Na5 22. Rb1 Rc8 23. Bf5 Rb8 24. Bd3 Rc8 25. Bf5 {1/2-1/2 Akopian,V-Bacrot,
E/Saint Vincent ITA 2005/(25)}) 17... Bxg2 18. Bg4 (18. c4 $5 Qf5 (18... Qxd4
19. Be3 $18) 19. Bg4 Qxf4 20. Bxc8 Rxc8 21. Kxg2 Qxd4 22. Nf3 Qxd1 23. Rexd1
Bd6 $11) 18... Bh1 (18... f5 $5 19. Be2 b5 (19... Na5 20. Qa4 $1 Bf8 21. Bf3
Bxf3 22. Rxe8 Rxe8 23. Qxe8 $16) 20. Bxb5 (20. a4 a6 21. axb5 axb5 22. c4 (22.
Bxb5 Qxb5 23. Kxg2 Bd6 24. Qf3 Ne7 $11) 22... Qxd4 23. Be3 Qd6 (23... Qf6 24.
Kxg2 f4 25. Ne4 Qg6+ 26. Ng3 Rcd8 27. Qb3 Qf7 $15) 24. Kxg2 f4 25. Ba7 $5 (25.
Ne4 Qxd1 26. Rexd1 fxe3 27. cxb5 Nb4 $11) 25... Qg6+ 26. Kh1 Nxa7 27. Bg4 Bc5
28. Bxc8 Nxc8 29. cxb5 Bxf2 30. Rxe8+ Qxe8 31. Ra8 $16) (20. c4 Qxd4 21. Be3
Qd6 22. Kxg2 f4 23. Ne4 Qg6+ 24. Ng3 Rcd8 25. Qb3 Qf7 26. Bh5 g6 27. Bf3 fxe3
$17) 20... Qxb5 21. Kxg2 Bd6 22. Qf3 Ne7 $132) 19. f3 Bh4 $1 (19... f5 20. Bh5
g6 21. Kxh1 gxh5 22. Qb1 $1 (22. Be5 Nxe5 23. Rxe5 Qf7 24. Qc2 Rf8 $15) 22...
b6 (22... Bd6 23. Rxe8+ Rxe8 24. Bxd6 Qxd6 (24... cxd6 25. Qxb7 $16) 25. Qxf5
$16) 23. Be5 $16) 20. Rf1 (20. Rxe8+ Rxe8 21. Qb3 $1 Ne7 (21... Bxf3 $5 22.
Bxf3 Qf5 23. Qxb7 Nd8 24. Qxc7 Bg5 25. Bg4 Qxf4 26. Qxf4 Bxf4 27. Nc4 $14) 22.
Be5 Qxb3 23. Nxb3 f5 (23... f6 24. Bxc7 Nd5 25. Bd6 f5 26. Bxf5 Bxf3 27. Rf1
$16) 24. Bh5 g6 25. Kxh1 gxh5 $11) (20. Re2 f5 21. Bh5 Rxe2 22. Qxe2 Nxd4 23.
cxd4 Qxd4+ 24. Kh2 Qxf4+ 25. Kxh1 Rd8 $36) 20... f5 21. Bh5 g6 22. Kxh1 gxh5
23. Rg1+ Kh8 24. Qf1 ({Transposition to an equal ending probably was the best
choice for White.} 24. Qb3 Qxb3 25. Nxb3 Bf6 $11) 24... Bf6 25. Rb1 (25. Qc4
Ne7 $11) 25... Ne7 26. Bg5 (26. Rb5 c5 $15) 26... Bxg5 27. Rxg5 Rg8 {Black
takes over the initiative now.} (27... c5 $5 28. Ne4 (28. Qf2 cxd4 29. Rb5 Rc5
30. Rxc5 Qxc5 31. Qxd4+ Qxd4 32. cxd4 Rc8 $17) 28... Rc6 29. Nxc5 b6 30. Na4 (
30. Ne4 $140 h6 31. Rxh5 Qf7 $19) 30... Rg6 $15) 28. Rxg8+ Rxg8 29. Qe2 Ng6 $36
30. Rb5 $6 (30. Qc4 $142 Qd6 31. Rxb7 Qe7 32. Rb1 Nf4 $36) 30... Qc6 $17 31.
Rxf5 (31. Qc4 Qe8 32. Qf1 (32. Rb1 Qe3 $17) 32... Qe3 $17) 31... Qxc3 32. Rd5
Qxa3 $19 33. Kh2 Qf8 34. Qe6 Qf4+ 35. Kh1 Rf8 36. Qe2 (36. Rxh5 Qxd2 37. Qxg6
Qe1+ 38. Qg1 Qxg1+ 39. Kxg1 Rxf3 $19) 36... h4 37. Rd7 Rf7 38. Rd8+ Kg7 39. Ne4
Qxf3+ 40. Qxf3 Rxf3 41. Nc5 b6 42. Ne6+ Kf6 43. Nxc7 Rxh3+ 44. Kg1 Rd3 45. Nb5
Kg5 46. Nxa7 h3 47. Nc6 Kg4 48. Ra8 Kg3 49. Ra1 h2+ 50. Kh1 Nf4 51. Ne5 Re3 52.
Rd1 Kh3 53. Nf7 Rg3 0-1

[Event "Comtois Masters 5th"]
[Site "Belfort"]
[Date "2002.07.02"]
[Round "5"]
[White "Bauer, Christian"]
[Black "Koch, Jean Rene"]
[Result "1/2-1/2"]
[WhiteElo "2571"]
[BlackElo "2498"]
[Annotator "Huzman,A"]
[PlyCount "103"]
[EventDate "2002.06.27"]
[EventType "tourn"]
[EventRounds "10"]
[EventCountry "FRA"]
[EventCategory "14"]
[SourceTitle "CBM 090"]
[Source "ChessBase"]
[SourceDate "2002.09.20"]
[SourceVersion "1"]
[SourceVersionDate "2002.09.20"]
[SourceQuality "1"]

1. e4 e5 2. Nf3 Nf6 3. Nxe5 d6 4. Nf3 Nxe4 5. d4 d5 6. Bd3 Nc6 7. O-O Bg4 8. c4
Nf6 9. Nc3 Bxf3 10. Qxf3 Nxd4 11. Qe3+ Ne6 12. cxd5 Nxd5 13. Nxd5 Qxd5 14. Be4
Qb5 15. a4 Qa6 16. Rd1 Be7 17. b4 (17. Qf3 Rb8 $5 (17... Rd8 18. Bd3 Qa5 $1 19.
Bd2 Bb4 $8 20. Be3 O-O 21. Qxb7 Nc5 22. Bxc5 Bxc5 23. Qb5 {1/4-1/4
Timman-Yusupov (2), Hilversum m 1986 42/381}) 18. b4 O-O 19. Rd7 $6 Rbd8 $3 $17
{Ivanchuk - Howell, Groningen 1986/87 -43/389}) 17... O-O (17... Rb8 18. b5 Qb6
19. Qe2 O-O 20. a5 Qc5 21. Be3 Qb4 22. Bxa7 Ra8 23. Rdb1 Qc3 24. Be3 Rxa5 25.
Bd2 Qxa1 26. Qe1 Rfa8 27. Rxa1 Rxa1 28. Bb1 Bf6 {0-1 Moreno Carnero,J-Koch,J/
France 2001/EXT 2002 (28)}) 18. Qh3 g6 19. Qc3 (19. Bb2 Qc4 20. Rd7 Rae8 21.
Bd5 Qxb4 22. Bc3 Nf4 23. Bxb4 Nxh3+ 24. gxh3 Bxb4 $15 {1/2-1/2 Junglas,
A-Derlich,M/Nickenich 1998/EXT 2000 (27)}) 19... Ng5 (19... c5 20. Bb2 Nd4 21.
Bd3 Qb6 22. a5 Qc7 23. bxc5 Bxc5 24. Bf1 Rfd8 25. Ra4 Rac8 $14 {1/2-1/2 Aseev,
K-Ivanchuk,V/Irkutsk 1986/TD (74)}) 20. Bxg5 Bxg5 21. Qxc7 Rad8 22. Rxd8 (22.
Bd5 $5 Qb6 23. Qxb6 axb6 24. Bxb7 Bd2 25. b5 $16) 22... Rxd8 23. Bxb7 Qe2 {
Black has big chances for a draw due to his active pieces and opposite
coloured bishops.} 24. Bf3 Qb2 25. Rf1 Qxb4 26. Qxa7 Be7 $1 {[%cal Ye7c5]} 27.
Rc1 Bg5 28. Rf1 Be7 29. Qb7 Qxb7 30. Bxb7 Bc5 31. a5 h5 32. g3 Rd2 33. Kg2 Kg7
34. h4 Ba7 35. a6 Ra2 36. Kf3 f5 37. Kg2 Kf6 38. Kh3 Rxf2 39. Rc1 Re2 40. Bc8 (
40. Bd5 Re7) 40... Kf7 41. Rc7+ Re7 42. Bd7 Bd4 43. a7 Bxa7 44. Rxa7 Kg7 45.
Kg2 Kh6 46. Kf3 Kg7 47. Rc7 Kh7 48. Ra7 Kg7 49. Rb7 Kh6 50. Rc7 (50. Bc6 Rxb7
51. Bxb7 g5 $11) 50... Kg7 51. Kf2 Kh6 52. Rb7 1/2-1/2

[Event "FRA-ch"]
[Site "Val d'Isere"]
[Date "2002.08.19"]
[Round "1"]
[White "Sokolov, Andrei"]
[Black "Fressinet, Laurent"]
[Result "1-0"]
[WhiteElo "2587"]
[BlackElo "2619"]
[Annotator "Huzman,A"]
[PlyCount "89"]
[EventDate "2002.08.19"]
[EventType "tourn"]
[EventRounds "11"]
[EventCountry "FRA"]
[EventCategory "13"]
[SourceTitle "CBM 091"]
[Source "ChessBase"]
[SourceDate "2002.11.12"]
[SourceVersion "1"]
[SourceVersionDate "2002.11.12"]
[SourceQuality "1"]

1. e4 e5 2. Nf3 Nf6 3. Nxe5 d6 4. Nf3 Nxe4 5. d4 d5 6. Bd3 Bd6 7. O-O O-O 8. c4
c6 9. Qc2 Na6 10. a3 f5 11. Nc3 Nc7 12. Ne2 Ne6 13. b4 Bd7 14. cxd5 (14. Bb2
Rf6 (14... a5 15. Rad1 $6 axb4 16. axb4 Bxb4 17. Qb3 Qe7 (17... c5 $142 $1 {
[%cal Yd7a4]}) 18. Ne5 dxc4 $6 19. Bxc4 $44 {0-1 Grischuk,A-Morozevich,A/
Prague 2002/CBM 89/[Huzman] (48)}) (14... Be8 15. Ne5 Qf6 16. f3 Nxd4 17. Bxd4
Bxe5 18. Bxe5 Qxe5 19. cxd5 Nd6 20. dxc6 Bxc6 21. Qc5 Rfe8 22. Rfd1 Rad8 23.
Qxa7 Bb5 $1 $11 {1/2-1/2 Lautier,J-Fressinet,L/Paris FRA 2002/The Week in
Chess 399 (30)}) 15. Rae1 $2 Rh6 16. Bc1 N4g5 17. Ne5 Bxe5 18. dxe5 Nf3+ 19.
gxf3 f4 $17 {Chandler,M-Dive,R/Wellington 1988/Inf 45 (19)}) 14... cxd5 15. Qb3
Be8 16. Ne5 $1 {[%mdl 4] Due to the right move order in the opening Sokolov is
ready to push away Ne4 at the right moment.} Bc7 (16... Nxd4 17. Qxd5+ Bf7 18.
Qxd4 Bxe5 19. Qxe5 Qxd3 20. Bb2 Nf6 21. Nf4 (21. Ng3 Bg6 22. Rfd1 $36) 21...
Qe4 22. Rfe1 Qxe5 23. Rxe5 Ne4 24. Rxf5 Bc4 25. Rxf8+ Rxf8 $14) (16... Bxe5 17.
dxe5 Bh5 18. Nf4 Bf7 19. Nxe6 Bxe6 20. Be3 Qd7 21. f3 f4 22. fxe4 fxe3 23. exd5
Bxd5 (23... Qxd5 24. Qxd5 Bxd5 25. Rae1 Rxf1+ 26. Bxf1 $16) 24. Bc4 Bxc4 25.
Qxc4+ Kh8 26. Qc5 $16) 17. Be3 {[%cal Gf2f3]} (17. f3 $2 Nxd4 18. Nxd4 Bxe5 $17
) 17... Bf7 18. f3 Bxe5 19. dxe5 d4 20. fxe4 dxe3 21. Bc4 Nd4 22. Qa2 Nxe2+ 23.
Qxe2 Qe7 24. Rxf5 $16 Bxc4 25. Qxc4+ Kh8 26. Qc3 Rae8 27. Qxe3 Rxf5 28. exf5
Qxe5 29. Qxe5 Rxe5 30. Rc1 $18 h5 31. Rc7 Rxf5 32. Rxb7 a5 33. Rc7 axb4 34.
axb4 {[%cal Gc7c5]} Rf4 (34... Rb5 35. Rc4 Kg8 36. Kf2 Kf7 37. Ke3 Ke6 38. Rd4
$18 {[%cal Ge3c4]}) 35. b5 Rb4 36. Rc5 h4 37. Kf2 Kh7 38. Ke3 Rb2 39. Kd4 Kh6
40. Kc3 Rxg2 $2 (40... Rb1 $142 41. Kc4 Rb2 42. h3 Rxg2 43. b6 $18) 41. b6 Rg6
42. Rb5 Rc6+ 43. Kb4 Rc8 44. b7 Rb8 45. Ka5 (45. Ka5 g5 46. h3 g4 47. hxg4 Kg6
48. Ka6 h3 49. Rh5 $18) 1-0

[Event "Bundesliga 0506"]
[Site "Germany"]
[Date "2005.10.22"]
[Round "1.1"]
[White "Areshchenko, Alexander"]
[Black "Jussupow, Artur"]
[Result "0-1"]
[WhiteElo "2653"]
[BlackElo "2595"]
[Annotator "Huzman,A"]
[PlyCount "52"]
[EventDate "2005.10.21"]
[EventType "team-tourn"]
[EventRounds "15"]
[EventCountry "GER"]
[SourceTitle "CBM 110"]
[Source "ChessBase"]
[SourceDate "2006.01.31"]
[SourceVersion "1"]
[SourceVersionDate "2006.01.31"]
[SourceQuality "1"]
[WhiteTeam "Werder Bremen"]
[BlackTeam "Solingen"]
[WhiteTeamCountry "GER"]
[BlackTeamCountry "GER"]

1. e4 e5 2. Nf3 Nf6 3. Nxe5 d6 4. Nf3 Nxe4 5. d4 d5 6. Bd3 Nc6 7. O-O Bg4 8. c3
Bd6 (8... Be7 9. Re1 f5 10. Nbd2 O-O 11. Qc2 Bd6 12. Qb3 Kh8 13. h3 Bh5 14.
Qxb7 Rf6 (14... Nxd2 15. Nxd2 Qf6 16. Qb3 Ne7 17. Qc2 Rae8 18. Nf1 f4 19. b3 c6
20. a4 Qh4 21. Ba3 Bxa3 22. Rxa3 f3 $40 {0-1 Arnetta,M-Damasco,R/Porto San
Giorgio 1997 (34)}) 15. Qb3 Rg6 (15... Rb8 16. Qc2 Rg6 17. Nxe4 fxe4 18. Bxe4
dxe4 19. Qxe4 Bxf3 20. Qxf3 Qd7 $17 {0-1 Jodorcovsky,P-Enrico,J/Chaco 1993/EXT
98 (35)}) 16. Kf1 Bf4 17. Be2 Bxd2 18. Nxd2 Qg5 19. Bg4 fxg4 20. Nxe4 Qh4 $36 {
1-0 Merieux,C-Chau,O/France 2004/EXT 2005 (46)}) 9. Re1 f5 10. Nbd2 O-O 11. Qb3
Kh8 12. h3 (12. Qxb7 Rf6 13. Nxe4 fxe4 14. Bg5 Na5 15. Qa6 (15. Bxf6 gxf6 16.
Qxd5 Bxh2+ 17. Nxh2 Qxd5 18. Bxe4 $18) 15... Bxf3 $17 {0-1 Fernandez Baniago,
F-Cobiella Rodriguez,J/Asturias 2000/EXT 2003 (30)}) 12... Bh5 13. Qxb7 Ne7 $1
{[%cal Ye7g6,Yg6f4][%mdl 32] Black develop their initiative on the king's side
by transfering Nc6 to f4.} 14. Qb3 ({I think that the best attempt for White
was a counterattack in the centre by} 14. c4 c5 $5 (14... dxc4 15. Bxe4 fxe4
16. Qxe4 (16. Ng5 e3 17. Rxe3 Rb8 18. Qe4 Bg6 $44) 16... Bb4 17. Ng5 Bg6 18.
Ne6 $16) 15. cxd5 Nxd2 16. Nxd2 cxd4 17. Nb3 Bf7 18. Nxd4 Bxd5 19. Qa6 Rf6 20.
Qa4 Rg6 $44) (14. Ne5 Bxe5 (14... c5 15. Nd7 Rf7 16. dxc5 Nxc5 17. Nxc5 Bxc5
18. Nb3 $16) 15. dxe5 Rb8 16. Qxa7 Ra8 17. Qb7 Rb8 $11 18. Qa6 $140 Nc5 $19)
14... Ng6 15. Bf1 (15. c4 Nf4 16. Bf1 Rb8 17. Qe3 c5 $44) 15... c5 $44 {
[%mdl 4] Black seizes an initiative on the both sides.} 16. g3 (16. dxc5 Bxc5
17. Nd4 Rb8 18. Qc2 Qd6 19. N2b3 Bb6 $44 {[%cal Yb6c7]}) 16... Rb8 17. Qd1 $2 (
17. Qc2 Qc7 18. Bg2 Nxf2 (18... cxd4 19. Nxd4 Nxf2 20. Nf1 Ne4 21. Ne6 Qc6 22.
Nxf8 Rxf8 $44) 19. Kxf2 Bxg3+ 20. Kf1 Bxe1 21. Nxe1 Nf4 $40) 17... cxd4 18.
cxd4 Qc7 (18... Bb4 $5 19. Bg2 (19. Be2 Qf6 20. a3 Bxf3 21. Bxf3 Bxd2 22. Bxd2
Rxb2 $17) 19... Bxd2 20. Bxd2 Rxb2 21. Re2 Qf6 $36) 19. Bg2 $2 {White misses a
decisive tactical blow of his opponent.} ({He had to use the Re1 for the
defence of the second rank.} 19. Re2 $8 Bxg3 20. fxg3 Nxd2 (20... Qxg3+ 21. Rg2
Qd6 22. Qe1 Nf4 23. Nxe4 Nxh3+ 24. Kh1 fxe4 25. Ne5 $13) 21. Rxd2 Qxg3+ 22. Rg2
Bxf3 (22... Qxf3 23. Be2 Qxh3 24. Bxh5 Nh4 25. Rh2 Qg3+ 26. Kh1 f4 27. Qg1) 23.
Rxg3 Bxd1 24. Ra3 $44) 19... Bxg3 $1 $19 {[%mdl 640]} 20. fxg3 Qxg3 21. Re2 (
21. Rxe4 fxe4 22. Qe1 Qd6 23. Nh2 Nf4 $19) (21. Nf1 Qf2+ 22. Kh1 Nh4 $19) 21...
Nf4 22. Qe1 (22. Nxe4 Nxh3+ 23. Kh1 fxe4 24. Qe1 Rxf3 $19) 22... Rbe8 $1 23.
Nxe4 Nxe2+ 24. Qxe2 fxe4 25. Qe1 Rxf3 (25... Qxg2+ $5 26. Kxg2 exf3+ 27. Kf2
Rxe1 28. Kxe1 f2+ 29. Kf1 Be2+ $19) 26. Qxg3 Rxg3 0-1